000
00290nam a2200097Ia 4500
001
640841
005
20250826153455.0
008
250824s9999 xx 000 0 und d
245
0
_a
KALBİMİN EFENDİSİ 1 PEMGAMBERİMİZİN ÇOCUKLUĞU VE GENÇLİĞİ
_c
SALİH SURUÇ
260
_b
GENÇ TİMAŞ
999
_c
640841
_d
640841